000 nam a22 7a 4500
999 _c10035
_d10035
008 180209b ||||| |||| 00| 0 eng d
100 _aSingh, A P
_96062
245 _aLab manual mathematics X
260 _aNew Delhi
_bS, Dinesh Publication
_c2013